000 004020000a22001330004500
090 _aAR
_b02223
245 1 0 _aPortal de información sobre recursos fitogenéticos
650 1 4 _aFilogenética
_94310
650 1 4 _aAgrobiodiversidad
_995735
650 1 4 _aSistemas de información geográfica
_992253
041 0 _aEspañol
942 _cARTICULO
773 1 _tBoletín de las Américas
_3124
_h1
_q1-17
_d2001
_g7
999 _c11295
_d11295